แสดงรายละเอียดบรรณานุกรม
  กลับหน้าหลัก

Brief Record : Get Marc (ISO 2709) : E-mail record : QR code ปิดหน้าต่าง
E-books : เกี่ยวกับ Collections
LEADER 00000nama 2200000uu 4500
008    040531s|||| th m m a000 0 tha d
020    978-0-323-05289-4
041    eng
050    WY 150 P462C 2010.
100    Perry, Anne Griffin.
245    Clinical Nursing Skills & Techniques/ Anne Griffin. Perwy, Patricia A. Potter, Wendy. Ostendorf.
246 0  ^aโครงการผลิตพยาบาลชุมชนฯ ครั้งที่1/2553.
246 0  ^aตำราการพยาบาลผู้ใหญ่.
250    7 th ed.
260    Canada. Mosby Elsevier 2010.
300    1276 p.
500    ^aโครงการผลิตพยาบาลชุมชนฯ ครั้งที่1/2553.
600    1.Potter, Patricia A. 2.Ostendorf, Wendy.
650  4 1.Nursing Skills. 2.Techniques.
650  4 ^aตำราการพยาบาลผู้ใหญ่.
995    001
999    ^aใช้งานได้ทุกระบบ
รายการนี้ยังไม่มีแท็ก
คุณยังไม่ได้ล็อกอิน คุณสามารถมีกิจกรรมร่วมกับเว็บไซต์ได้ แต่ต้องล็อกอินก่อน ::
  ล็อกอิน
ลำดับที่ ประเภท เลขเรียก สถานที่ สถานะ
1. การพยาบาล (ตำราหลัก)
การพยาบาล (ตำราหลัก)
WY 150 P462C 2010.  
  
การพยาบาลผู้ใหญ่ On Shelf
  ขอยืม
   [แสดง 1/1 รายการ]

รายการใกล้เคียง
    ผู้แต่ง [Perry, Anne Griffin.]

    หัวเรื่อง [ตำราการพยาบาลผู้ใหญ่.]

BibComment


ยังไม่เคยถูกคอมเมนท์

คอมเมนท์ทรัพยากรรายการนี้
  คอมเมนท์: Clinical Nursing ..
Bib 201439

 
 
 

 Union Library Management : ULibM
Copyright 2026. All Rights Reserved.
скачать бесплатно без регистрации порно красивый секс HD Sex Hindi sex

xxx gou

xxxx

bfxxx

xxxwww

Секса Видео

xxxx

Секса Видео

detube

geilexxx

C99 Shell

worms shell

blod xxx video
Ebony Coed Rihanna Rimes Takes A Dick In Her Young Twat priyaa indian fuck anal and pusssy hardcore indian women xxx desi hardcore fucking part 1 bengalixxxcouple